000 00247nam a2200109Ia 4500
008 190216s9999||||xx |||||||||||||| ||und||
100 _aMaheshwaran .s N
245 0 _aBanking Law And Practice
260 _bNull
_c1983
300 _a684p
942 _cBK
999 _c4979
_d4979